| 000 | 00842nam a2200229Ia 4500 | ||
|---|---|---|---|
| 001 | 13907 | ||
| 003 | GE_BSU | ||
| 008 | 181216s||||||||xx |||||||||||||| ||und|| | ||
| 040 | _cGE_BSU | ||
| 080 | _a637.5.002.5(075.8) | ||
| 100 | _aПелеев,А.И. | ||
| 245 | _aТехнологические оборудования предприятий мясной промишленности. | ||
| 245 | _bУчебник. | ||
| 245 | _cРед. П.А.Вщивцев. | ||
| 250 | _aИзд третье, перераб.и дополненное. | ||
| 260 | _aМ. | ||
| 260 | _bПищевая промышленность. | ||
| 260 | _c1971. | ||
| 300 | _a520 стр. 27 см. с илл. | ||
| 653 | _aТехнологические оборудования предприятий мясной промишленности. | ||
| 942 | _cBK | ||
| 999 |
_c47050 _d47050 |
||